GETS Theological Seminary Library

The divine spiration of scripture: (Record no. 16866)

MARC details
000 -LEADER
fixed length control field 00557nam a2200181Ia 4500
008 - FIXED-LENGTH DATA ELEMENTS--GENERAL INFORMATION
fixed length control field 200824s9999||||xx |||||||||||||| ||und||
020 ## - INTERNATIONAL STANDARD BOOK NUMBER
International Standard Book Number 1844742202
020 ## - INTERNATIONAL STANDARD BOOK NUMBER
International Standard Book Number 9781844742202 
041 ## - LANGUAGE CODE
Language code of text/sound track or separate title eng
050 ## - LIBRARY OF CONGRESS CALL NUMBER
Classification number BS480
Item number .M395 2007  
100 ## - MAIN ENTRY--PERSONAL NAME
Personal name McGowan, A. T. B.
245 #4 - TITLE STATEMENT
Title The divine spiration of scripture:
Remainder of title challenging evangelical perspectives /
Statement of responsibility, etc. A. T. B. McGowan
260 ## - PUBLICATION, DISTRIBUTION, ETC.
Place of publication, distribution, etc. Nottingham :
Name of publisher, distributor, etc. Apollos,
Date of publication, distribution, etc. 2007
300 ## - PHYSICAL DESCRIPTION
Extent 229 p.
Other physical details ;
Dimensions 24 cm.
650 ## - SUBJECT ADDED ENTRY--TOPICAL TERM
Topical term or geographic name entry element Bible -- Evidences, authority, etc.
650 ## - SUBJECT ADDED ENTRY--TOPICAL TERM
Topical term or geographic name entry element Bible -- Inspiration.
Holdings
Withdrawn status Lost status Damaged status Not for loan Home library Current library Shelving location Date acquired Total Checkouts Full call number Barcode Date last seen Price effective from Koha item type
        GETS Theological Seminary Library GETS Theological Seminary Library General Stacks 08/24/2020   BS480 .M395 2007   00005042 08/24/2020 08/24/2020 English Books
OpacCredits

Contact the Librarian, GETS Library
Email: library@mygets.org









Implemented by GETS Library
(Powered by ETCA Professional Group)
GETS Theological Seminary
412 E. Rowland Street, CA 91723